[Event "Madrid San Viator op 24th"]
[Site "Madrid"]
[Date "2015.05.24"]
[Round "8"]
[White "Sirera Ripoll, Jose Luis"]
[Black "Sierra Bermejo, Gregorio"]
[Result "1-0"]
[WhiteElo "1765"]
[BlackElo "1605"]
[PlyCount "49"]
[EventDate "2015.03.22"]
[EventType "swiss"]
[EventRounds "9"]
[EventCountry "ESP"]
[SourceTitle "EXT 2016"]
[Source "ChessBase"]
[SourceDate "2015.10.08"]
[SourceVersion "1"]
[SourceVersionDate "2015.10.08"]
[SourceQuality "1"]

1. e4 e5 2. Nf3 Nf6 3. Nxe5 d6 4. Nf3 Nxe4 5. Nc3 Nxc3 6. dxc3 Be7 7. Bf4 Nd7 8. Qd2 Nc5 9. 0-0-0 0-0 10. h4 Bg4 11. h5 Ne6 12. Be3 Bxf3 13. gxf3 Bg5 14. f4 Bh6 15. f5 Bxe3 16. fxe3 Ng5 17. h6 Qf6 18. hxg7 Kxg7 19. Bd3 d5 20. Rdg1 Rad8 21. e4 h6 22. e5 Qxe5 23. Rxg5+ Kf6 24. Rxh6+ Ke7 25. f6+ 1-0

[Event "Madrid San Viator op 23rd"]
[Site "Madrid"]
[Date "2014.11.09"]
[Round "7"]
[White "Sierra Bermejo, Gregorio"]
[Black "Lopez Ramirez, Rafael"]
[Result "1/2-1/2"]
[WhiteElo "1654"]
[BlackElo "1780"]
[PlyCount "47"]
[EventDate "2014.09.28"]
[EventType "swiss"]
[EventRounds "9"]
[EventCountry "ESP"]
[SourceTitle "EXT 2016"]
[Source "ChessBase"]
[SourceDate "2015.10.08"]
[SourceVersion "1"]
[SourceVersionDate "2015.10.08"]
[SourceQuality "1"]

1. e4 e6 2. d4 d5 3. Nd2 Nf6 4. e5 Nfd7 5. Bd3 c5 6. c3 Nc6 7. Ne2 Be7 8. 0-0 0-0 9. Nf3 f6 10. exf6 Nxf6 11. Bg5 cxd4 12. Nexd4 Ng4 13. Bxe7 Qxe7 14. Re1 Qf6 15. Qe2 e5 16. Nxc6 bxc6 17. Nxe5 Nxe5 18. Qxe5 Qxf2+ 19. Kh1 Qxb2 20. Qh5 g6 21. Bxg6 hxg6 22. Qxg6+ Kh8 23. Qh6+ Kg8 24. Qg6+ 1/2-1/2

[Event "Madrid San Viator op 23rd"]
[Site "Madrid"]
[Date "2014.10.05"]
[Round "2"]
[White "Aguilera Prada, Alejandro"]
[Black "Sierra Bermejo, Gregorio"]
[Result "0-1"]
[WhiteElo "1417"]
[BlackElo "1654"]
[PlyCount "90"]
[EventDate "2014.09.28"]
[EventType "swiss"]
[EventRounds "9"]
[EventCountry "ESP"]
[SourceTitle "EXT 2016"]
[Source "ChessBase"]
[SourceDate "2015.10.08"]
[SourceVersion "1"]
[SourceVersionDate "2015.10.08"]
[SourceQuality "1"]

1. d4 f5 2. Bg5 Nf6 3. Nf3 e6 4. e3 Be7 5. Bd3 0-0 6. Nbd2 d6 7. 0-0 b6 8. h3 Bb7 9. Bc4 Qd7 10. Re1 Nc6 11. Nh4 Kh8 12. c3 Nd8 13. Bxf6 Rxf6 14. e4 fxe4 15. Qg4 d5 16. Bb3 Bd6 17. g3 Qf7 18. Rf1 Bc8 19. Kh2 e5 20. Qe2 exd4 21. cxd4 Rh6 22. Nxe4 Qe6 23. Qg4 Qxg4 24. hxg4 dxe4 25. Kg2 Bxg4 26. Bd5 g5 27. Bxa8 gxh4 28. Bxe4 hxg3 29. Rh1 Rh2+ 30. Rxh2 gxh2 31. Re1 Ne6 32. d5 Ng5 33. f3 Bh5 34. Rf1 Nxe4 35. fxe4 Bg6 36. Re1 Be5 37. b3 Kg7 38. Kf3 Kf6 39. Kg4 Ke7 40. Kg5 Kd6 41. Kg4 Kc5 42. Kh3 Kd4 43. Rh1 Bxe4 44. Rxh2 Bxh2 45. Kxh2 Kxd5 0-1

[Event "Madrid San Viator op 22nd"]
[Site "Madrid"]
[Date "2014.06.01"]
[Round "9"]
[White "Sierra Bermejo, Gregorio"]
[Black "Brasa Olmos, Joaquin"]
[Result "1-0"]
[WhiteElo "1661"]
[BlackElo "1532"]
[PlyCount "95"]
[EventDate "2014.03.23"]
[EventType "swiss"]
[EventRounds "9"]
[EventCountry "ESP"]
[SourceTitle "EXT 2015"]
[Source "ChessBase"]
[SourceDate "2014.11.20"]
[SourceVersion "1"]
[SourceVersionDate "2014.11.20"]
[SourceQuality "1"]

1. e4 c5 2. Nf3 d6 3. d4 cxd4 4. Nxd4 Nf6 5. Nc3 a6 6. g3 e5 7. Nde2 Be6 8. Bg2 Be7 9. 0-0 Nbd7 10. b3 Bg4 11. h3 Bxe2 12. Qxe2 Rc8 13. Nd5 Nxd5 14. exd5 0-0 15. c4 f5 16. Bb2 Nf6 17. Rae1 Nd7 18. Kh2 f4 19. gxf4 Rxf4 20. Bc1 Rf7 21. Rg1 Bh4 22. Ref1 Nf8 23. Be4 Qe7 24. Rg2 Bf6 25. Qg4 Rd8 26. Be3 g6 27. b4 Rg7 28. c5 h5 29. Qe2 Qe8 30. Rfg1 Be7 31. Bh6 Rh7 32. Bxf8 Qxf8 33. Rxg6+ Kf7 34. cxd6 Bxd6 35. Qf3+ Ke7 36. Qxf8+ Rxf8 37. Re6+ Kd7 38. Bxh7 Rxf2+ 39. Rg2 e4+ 40. Kg1 Rf3 41. Rg7+ Kd8 42. Rxd6+ Kc8 43. Kg2 Rf8 44. Rg8 Kc7 45. Rxf8 Kxd6 46. Bg8 Ke5 47. Re8+ Kd4 48. d6 1-0

[Event "Madrid San Viator op 22nd"]
[Site "Madrid"]
[Date "2014.05.11"]
[Round "6"]
[White "Jordana Vargas, Julio"]
[Black "Sierra Bermejo, Gregorio"]
[Result "1-0"]
[WhiteElo "1948"]
[BlackElo "1661"]
[PlyCount "63"]
[EventDate "2014.03.23"]
[EventType "swiss"]
[EventRounds "9"]
[EventCountry "ESP"]
[SourceTitle "EXT 2015"]
[Source "ChessBase"]
[SourceDate "2014.11.20"]
[SourceVersion "1"]
[SourceVersionDate "2014.11.20"]
[SourceQuality "1"]

1. c4 Nf6 2. Nc3 e5 3. Nf3 Nc6 4. d3 Bb4 5. Bd2 0-0 6. g3 d5 7. cxd5 Nxd5 8. Bg2 Be6 9. 0-0 f5 10. Ng5 Bxc3 11. Nxe6 Qd6 12. Nxf8 Bxd2 13. Qxd2 Rxf8 14. Rac1 Nce7 15. Qc2 c6 16. Qb3 Qb4 17. Qxb4 Nxb4 18. a3 Nbd5 19. Rc5 f4 20. b4 a6 21. Rfc1 g5 22. a4 g4 23. Be4 Kg7 24. b5 b6 25. Rxc6 Nxc6 26. Rxc6 Nf6 27. Rxf6 Rxf6 28. bxa6 Rf7 29. Bb7 Rc7 30. f3 gxf3 31. exf3 fxg3 32. hxg3 1-0

[Event "Madrid San Viator op 22nd"]
[Site "Madrid"]
[Date "2014.04.13"]
[Round "4"]
[White "Torrecillas Adan, Luis"]
[Black "Sierra Bermejo, Gregorio"]
[Result "0-1"]
[WhiteElo "1266"]
[BlackElo "1661"]
[PlyCount "112"]
[EventDate "2014.03.23"]
[EventType "swiss"]
[EventRounds "9"]
[EventCountry "ESP"]
[SourceTitle "EXT 2015"]
[Source "ChessBase"]
[SourceDate "2014.11.20"]
[SourceVersion "1"]
[SourceVersionDate "2014.11.20"]
[SourceQuality "1"]

1. e4 c5 2. c4 g6 3. Nf3 Bg7 4. Be2 d6 5. 0-0 Nc6 6. h3 Nf6 7. d3 0-0 8. Nc3 a6 9. Rb1 e6 10. Bd2 Bd7 11. Qc1 Re8 12. Bh6 Bh8 13. Re1 Qa5 14. a3 b5 15. Rd1 Qb6 16. g4 b4 17. axb4 cxb4 18. Na4 Qa5 19. b3 Nb8 20. Rd2 Bxa4 21. Ra2 Nc6 22. Rxa4 Qb6 23. h4 Nxg4 24. Be3 Nxe3 25. fxe3 a5 26. Kf2 Qc5 27. Qg1 Qh5 28. Qg3 Be5 29. Nxe5 Qxe5 30. Qxe5 Nxe5 31. Rg1 h6 32. d4 Nd7 33. Bf3 Nb6 34. Raa1 e5 35. h5 g5 36. dxe5 Rxe5 37. Rgd1 Re6 38. e5 d5 39. Bxd5 Nxd5 40. Rxd5 Rea6 41. Rd6 Kf8 42. Rxa6 Rxa6 43. Kf3 f5 44. Rd1 Ke7 45. c5 a4 46. bxa4 Rxa4 47. c6 b3 48. Rd7+ Ke6 49. Rb7 Rc4 50. Rxb3 Rxc6 51. Rb7 Kxe5 52. Rb5+ Kf6 53. Rb4 Re6 54. Rb7 g4+ 55. Kg3 Rxe3+ 56. Kf4 Rf3# 0-1

[Event "Madrid San Viator op 20th"]
[Site "Madrid"]
[Date "2013.06.09"]
[Round "9"]
[White "Julian Serra, Rogelio"]
[Black "Sierra Bermejo, Gregorio"]
[Result "1-0"]
[WhiteElo "2014"]
[BlackElo "1654"]
[PlyCount "95"]
[EventDate "2013.04.07"]
[EventType "swiss"]
[EventRounds "9"]
[EventCountry "ESP"]
[SourceTitle "EXT 2014"]
[Source "ChessBase"]
[SourceDate "2013.11.20"]
[SourceVersion "1"]
[SourceVersionDate "2013.11.20"]
[SourceQuality "1"]

1. Nf3 Nf6 2. g3 e6 3. Bg2 d5 4. 0-0 c5 5. b3 Nc6 6. c4 Be7 7. e3 0-0 8. Bb2 Qc7 9. Nc3 Rd8 10. cxd5 exd5 11. d4 cxd4 12. Nb5 Qa5 13. Nbxd4 Bg4 14. Nxc6 bxc6 15. Qc2 Bxf3 16. Bxf3 Rac8 17. Rfd1 Qc7 18. Rac1 h6 19. Bxf6 Bxf6 20. Bxd5 Qb6 21. Bf3 c5 22. Bg4 Rxd1+ 23. Rxd1 Rd8 24. Rxd8+ Bxd8 25. Qe4 Qd6 26. h4 g6 27. h5 Kg7 28. hxg6 fxg6 29. Be6 Qe7 30. Qc6 Bb6 31. Bc4 h5 32. Qd5 Qf8 33. e4 Ba5 34. Qb7+ Kh6 35. Qxa7 Be1 36. Qf7 Qxf7 37. Bxf7 Kg7 38. Bd5 Kf6 39. Kf1 Bc3 40. f4 Ba5 41. Ke2 Bc7 42. Kf3 Bd8 43. e5+ Ke7 44. a4 Ba5 45. g4 h4 46. Kg2 Be1 47. Kh3 Bg3 48. a5 1-0

[Event "Madrid San Viator op 20th"]
[Site "Madrid"]
[Date "2013.04.14"]
[Round "2"]
[White "Sotoca Aguado, Jose"]
[Black "Sierra Bermejo, Gregorio"]
[Result "1-0"]
[WhiteElo "1976"]
[BlackElo "1654"]
[PlyCount "73"]
[EventDate "2013.04.07"]
[EventType "swiss"]
[EventRounds "9"]
[EventCountry "ESP"]
[SourceTitle "EXT 2014"]
[Source "ChessBase"]
[SourceDate "2013.11.20"]
[SourceVersion "1"]
[SourceVersionDate "2013.11.20"]
[SourceQuality "1"]

1. e4 e5 2. Nf3 Nc6 3. Bb5 a6 4. Ba4 Nf6 5. 0-0 Be7 6. Re1 b5 7. Bb3 d6 8. c3 Na5 9. Bc2 c5 10. d4 Qc7 11. Nbd2 0-0 12. d5 Bg4 13. h3 Bh5 14. Nf1 h6 15. Ng3 Bg6 16. Nh4 Nc4 17. b3 Nb6 18. Nhf5 Kh7 19. f4 Bxf5 20. Nxf5 g6 21. fxe5 dxe5 22. Nxh6 Nbd7 23. Rf1 Kg7 24. Bg5 Qd6 25. Ng4 Rh8 26. Qf3 Rh5 27. h4 Rf8 28. Ne3 Rh7 29. a4 Bd8 30. axb5 axb5 31. c4 b4 32. g3 Be7 33. Ra7 Rhh8 34. Ng4 Nxg4 35. Qxg4 Bxg5 36. Rxd7 Be3+ 37. Kg2 1-0

[Event "Madrid San Viator op 19th"]
[Site "Madrid"]
[Date "2012.11.18"]
[Round "9"]
[White "Sierra Bermejo, Gregorio"]
[Black "Herreros Lucas, Jose Luis"]
[Result "1-0"]
[WhiteElo "1664"]
[BlackElo "1588"]
[PlyCount "145"]
[EventDate "2012.09.23"]
[EventType "swiss"]
[EventRounds "9"]
[EventCountry "ESP"]
[SourceTitle "EXT 2013"]
[Source "ChessBase"]
[SourceDate "2012.11.22"]
[SourceVersion "1"]
[SourceVersionDate "2012.11.22"]
[SourceQuality "1"]

1. e4 c6 2. c4 e6 3. Nc3 d5 4. cxd5 cxd5 5. exd5 exd5 6. Bb5+ Nc6 7. Nf3 Bg4 8. 0-0 Nf6 9. Re1+ Be7 10. Qe2 Bxf3 11. Qxf3 0-0 12. Ba4 Re8 13. d3 Rc8 14. Bf4 a6 15. Bxc6 Rxc6 16. a3 Qd7 17. Re2 Re6 18. Rae1 Bc5 19. Be5 d4 20. Bxf6 Rxe2 21. Rxe2 Rxe2 22. Qxe2 dxc3 23. Bxc3 h6 24. Qe5 f6 25. Qxc5 Qxd3 26. Qc8+ Kh7 27. h3 Qd1+ 28. Kh2 Qd6+ 29. g3 b5 30. Qf5+ Kg8 31. h4 Kf7 32. h5 Kg8 33. Qg6 Qe6 34. g4 Qd6+ 35. Kh3 Qe6 36. Qf5 Qd6 37. Qf3 Qe6 38. Qg3 Kh7 39. f4 Qc6 40. Qg2 Qe6 41. Qf3 Qd6 42. Kg3 Qe6 43. Qd3+ Kg8 44. Bb4 Qb6 45. Kf3 Qe6 46. Qe4 Qb3+ 47. Bc3 Qd1+ 48. Qe2 Qh1+ 49. Ke3 Qg1+ 50. Kd2 Qb6 51. Qe8+ Kh7 52. Qg6+ Kg8 53. Qe8+ Kh7 54. Qg6+ Kg8 55. Bxf6 Qd6+ 56. Ke3 Qc5+ 57. Bd4 Qc1+ 58. Ke2 Qc4+ 59. Qd3 Qe6+ 60. Kf3 Qc6+ 61. Qe4 Qd6 62. Qe5 Qc6+ 63. Qe4 Qd6 64. Bc3 Qd1+ 65. Kf2 Qxg4 66. Qe8+ Kh7 67. Qg6+ Qxg6 68. hxg6+ Kxg6 69. f5+ Kf7 70. Kg3 g6 71. Kg4 h5+ 72. Kg5 h4 73. fxg6+ 1-0

[Event "Madrid Oliver Gonzalez Memorial-B 3rd"]
[Site "Madrid"]
[Date "2012.09.03"]
[Round "3"]
[White "Sierra Bermejo, Gregorio"]
[Black "Galan Aguado, Fernando"]
[Result "0-1"]
[WhiteElo "1664"]
[BlackElo "1820"]
[PlyCount "96"]
[EventDate "2012.09.01"]
[EventType "swiss"]
[EventRounds "9"]
[EventCountry "ESP"]
[SourceTitle "CBM 150 Extra"]
[Source "ChessBase"]
[SourceDate "2012.10.19"]
[SourceVersion "1"]
[SourceVersionDate "2012.10.19"]
[SourceQuality "1"]

1. e4 e6 2. d3 d5 3. Nd2 c5 4. Ngf3 Nf6 5. g3 Nc6 6. Bg2 Be7 7. 0-0 Qc7 8. c3 b6 9. Re1 Ba6 10. e5 Nd7 11. d4 h6 12. a3 0-0-0 13. Qa4 Bd3 14. b4 c4 15. Qd1 g5 16. Nf1 Rdg8 17. Ne3 g4 18. Nd2 h5 19. a4 Qd8 20. Nb1 Qf8 21. Na3 Kb7 22. Nb5 Qg7 23. a5 a6 24. Na3 b5 25. Nf1 h4 26. Bf4 hxg3 27. Bxg3 Bh4 28. Re3 Qh6 29. Rxd3 cxd3 30. Qxd3 Na7 31. c4 Bxg3 32. fxg3 bxc4 33. Nxc4 Nb5 34. Nd6+ Nxd6 35. exd6 Rc8 36. b5 Rc1 37. bxa6+ Ka7 38. Rxc1 Qxc1 39. Qb5 Qc8 40. Qe2 Rg8 41. Qb5 Rg7 42. h3 f5 43. h4 Qxa6 44. Qb4 Rg8 45. Qc3 Qxd6 46. Nd2 Rb8 47. Bf1 Qb4 48. Qc7+ Rb7 0-1

[Event "Madrid Oliver Gonzalez Memorial-B 3rd"]
[Site "Madrid"]
[Date "2012.09.01"]
[Round "1"]
[White "Sierra Bermejo, Gregorio"]
[Black "De Sousa da Silva, Armando"]
[Result "0-1"]
[WhiteElo "1664"]
[BlackElo "2014"]
[PlyCount "64"]
[EventDate "2012.09.01"]
[EventType "swiss"]
[EventRounds "9"]
[EventCountry "ESP"]
[SourceTitle "CBM 150 Extra"]
[Source "ChessBase"]
[SourceDate "2012.10.19"]
[SourceVersion "1"]
[SourceVersionDate "2012.10.19"]
[SourceQuality "1"]

1. e4 d5 2. exd5 Qxd5 3. Nc3 Qd6 4. Nf3 Nf6 5. g3 Bg4 6. Bg2 c6 7. d3 e6 8. Bf4 Qd8 9. Qd2 Nbd7 10. 0-0 Be7 11. a3 0-0 12. Rfe1 Nb6 13. h3 Bxf3 14. Bxf3 Nfd5 15. Ne4 Nxf4 16. Qxf4 Nd5 17. Qd2 Qc7 18. Rad1 Rad8 19. Qc1 c5 20. Re2 h6 21. Rde1 Rd7 22. Bg2 Rc8 23. Nd2 Nb6 24. Nf3 Bf6 25. Ne5 Rdd8 26. Re4 Bxe5 27. Rxe5 c4 28. dxc4 Nxc4 29. R5e2 b5 30. b3 Nb6 31. Be4 a5 32. Bd3 Rxd3 0-1

[Event "Madrid San Viator op 18th"]
[Site "Madrid"]
[Date "2012.05.20"]
[Round "7"]
[White "Perez Mondejar, Adler"]
[Black "Sierra Bermejo, Gregorio"]
[Result "0-1"]
[WhiteElo "1423"]
[BlackElo "1677"]
[PlyCount "52"]
[EventDate "2012.03.25"]
[EventType "swiss"]
[EventRounds "9"]
[EventCountry "ESP"]
[SourceTitle "EXT 2013"]
[Source "ChessBase"]
[SourceDate "2012.11.22"]
[SourceVersion "1"]
[SourceVersionDate "2012.11.22"]
[SourceQuality "1"]

1. e4 c5 2. c3 Nf6 3. e5 Nd5 4. d4 e6 5. Nf3 Nc6 6. Bd3 h6 7. 0-0 Qb6 8. c4 Ndb4 9. dxc5 Bxc5 10. a3 Nxd3 11. Qxd3 a5 12. Nc3 Qc7 13. Nb5 Qb8 14. Re1 b6 15. Bf4 0-0 16. Rad1 Ne7 17. Qd2 Nf5 18. b4 Be7 19. Rc1 axb4 20. axb4 Ra4 21. Rb1 Qb7 22. Rec1 Qc6 23. Nfd4 Nxd4 24. Qxd4 Bb7 25. f3 Rxb4 26. Rxb4 Bc5 0-1

[Event "Madrid Oliver Gonzalez Memorial 2nd"]
[Site "Madrid"]
[Date "2011.10.15"]
[Round "8"]
[White "Sierra Bermejo, Gregorio"]
[Black "Tevar Becerra, Alvaro"]
[Result "0-1"]
[WhiteElo "1691"]
[BlackElo "1477"]
[PlyCount "51"]
[EventDate "2011.10.08"]
[EventType "swiss"]
[EventRounds "9"]
[EventCountry "ESP"]
[SourceTitle "CBM 144 Extra"]
[Source "ChessBase"]
[SourceDate "2011.10.28"]
[SourceVersion "1"]
[SourceVersionDate "2011.10.28"]
[SourceQuality "1"]

1. e4 e5 2. Nf3 Nc6 3. Bb5 d6 4. d4 Bd7 5. Nc3 Nf6 6. Bg5 a6 7. Bxc6 Bxc6 8. dxe5 dxe5 9. Qxd8+ Rxd8 10. Nxe5 Be7 11. Nxc6 bxc6 12. Ke2 h6 13. Be3 Rb8 14. Rab1 0-0 15. f3 Rfe8 16. b3 Bb4 17. Na4 Re6 18. Rhd1 Rbe8 19. Rd3 Bd6 20. g3 Nd7 21. Kf2 Ne5 22. Rd4 g5 23. Kg2 Rf6 24. Rf1 Kh7 25. Rdd1 Rg8 26. Nc5 0-1

[Event "Benidorm op U2000 09th"]
[Site "Benidorm"]
[Date "2010.12.08"]
[Round "7"]
[White "Ayza Casamitjana, Antoni"]
[Black "Sierra Bermejo, Gregorio"]
[Result "1-0"]
[WhiteElo "1871"]
[BlackElo "1718"]
[PlyCount "57"]
[EventDate "2010.12.03"]
[EventType "swiss"]
[EventRounds "10"]
[EventCountry "ESP"]
[SourceTitle "CBM 139 Extra"]
[Source "ChessBase"]
[SourceDate "2011.01.05"]
[SourceVersion "1"]
[SourceVersionDate "2011.01.05"]
[SourceQuality "1"]

1. e4 g6 2. d4 Bg7 3. Nf3 d6 4. Bc4 Nc6 5. 0-0 e6 6. c3 Nge7 7. Be3 Bd7 8. Qd2 h6 9. b4 a5 10. b5 Na7 11. a4 Nac8 12. Bd3 g5 13. Ne1 Ng6 14. f4 gxf4 15. Bxf4 e5 16. Be3 Nb6 17. d5 Qe7 18. Nf3 0-0-0 19. Qf2 Rdf8 20. Bxb6 Nf4 21. Bc4 Bh3 22. Ne1 cxb6 23. Qxb6 Bxg2 24. Nxg2 Qg5 25. Ra2 f5 26. Qa7 b6 27. Qxb6 Rf7 28. Qa6+ Rb7 29. b6 1-0

[Event "Madrid Oliver Gonzalez Memorial 1st"]
[Site "Madrid"]
[Date "2010.10.15"]
[Round "7"]
[White "Cepas Castillo, Juan Carlos"]
[Black "Sierra Bermejo, Gregorio"]
[Result "1-0"]
[WhiteElo "1594"]
[BlackElo "1737"]
[PlyCount "53"]
[EventDate "2010.10.09"]
[EventType "swiss"]
[EventRounds "9"]
[EventCountry "ESP"]
[SourceTitle "CBM 138 Extra"]
[Source "ChessBase"]
[SourceDate "2010.10.29"]
[SourceVersion "1"]
[SourceVersionDate "2010.10.29"]
[SourceQuality "1"]

1. e4 d5 2. exd5 Nf6 3. d4 Nxd5 4. c4 Nf6 5. Nc3 g6 6. Nf3 Bg7 7. g3 0-0 8. Bg2 Bg4 9. h3 Bc8 10. 0-0 c6 11. b3 Nbd7 12. Bb2 Re8 13. Re1 Qc7 14. Ba3 e5 15. dxe5 Nh5 16. Bd6 Qb6 17. Qd2 Bh8 18. g4 Ng7 19. Ng5 Nc5 20. Qf4 Be6 21. Re3 Nd7 22. Rf3 Rf8 23. Nce4 Qd8 24. Bxf8 Qxf8 25. Rd1 Qe7 26. Rxd7 Bxd7 27. Nf6+ 1-0